The federal reserve system (Record no. 437238)

000 -LEADER
fixed length control field 00339cam a22001217a 4500
008 - FIXED-LENGTH DATA ELEMENTS--GENERAL INFORMATION
fixed length control field 180718b1954 xxu||||| |||| 00| 0 eng d
082 ## - DEWEY DECIMAL CLASSIFICATION NUMBER
Classification number T421x73 F439
100 ## - MAIN ENTRY--PERSONAL NAME
Personal name Fforde, J.S.
245 ## - TITLE STATEMENT
Title The federal reserve system
Statement of responsibility, etc. by J.S. Fforde
260 ## - PUBLICATION, DISTRIBUTION, ETC.
Place of publication, distribution, etc. Oxford
Name of publisher, distributor, etc. Clarendon Press
Date of publication, distribution, etc. 1954
300 ## - PHYSICAL DESCRIPTION
Extent ix, 351p.
650 ## - SUBJECT ADDED ENTRY--TOPICAL TERM
Topical term or geographic name entry element Reserve system --Federal
Holdings
Withdrawn status Lost status Damaged status Not for loan Permanent Location Current Location Date acquired Full call number Barcode Date last seen Price effective from Koha item type
        Indian Institute of Public Administration Indian Institute of Public Administration 2010-03-19 T421x73 F439 564 2018-07-21 2018-07-21 Book

Powered by Koha